000 00481nam a2200193Ia 4500
001 7410
008 140321s9999 xx 000 0 und d
020 _a0-684-81201-0
040 _cPK-LaUMT
082 _a 004.67
_bHAF-W
100 _aHafner, Katie
245 _aWhere wizards stay up late : The origins of the internet
_cHafner, Katie<>Lyon, Matthew,
260 _c1996
300 _a304 p.
546 _aEN
650 _aInternet
700 _aLyon, Matthew,
942 _cBK
999 _c8852
_d8852